000
00255 a2200097 4500
020
_a
5070018781
920
_a
5-07-001878-1
245
0
_a
Avtomatizirovannye charakteristiki /
_c
.
710
2
_a
Znanie.
_e
Wydawca
_4
pbl
260
_a
Moskva :
_b
Znanie,
_c
1990.
300
_a
64 s.;
_c
20 cm.
999
_c
16437
_d
16437